London Trams Stations - Statistics

General Stats
  • This quiz has been taken 679 times
  • The average score is 22 of 39
Answer Stats
Station % Correct
West Croydon
93%
Wimbledon
92%
East Croydon
90%
Mitcham
76%
Beckenham Junction
73%
New Addington
71%
Mitcham Junction
69%
Therapia Lane
67%
Sandilands
64%
Centrale
63%
Elmers End
63%
Dundonald Road
62%
Morden Road
62%
Merton Park
61%
Ampere Way
58%
Arena
58%
Beckenham Road
58%
Lebanon Road
58%
Addiscombe
57%
Addington Village
54%
Birkbeck
54%
Beddington Lane
52%
Reeves Corner
52%
Avenue Road
50%
Blackhorse Lane
50%
Lloyd Park
50%
Church Street
49%
George Street
49%
Woodside
48%
Phipps Bridge
46%
Waddon Marsh
46%
Wandle Park
43%
Wellesley Road
43%
Belgrave Walk
42%
Gravel Hill
39%
Coombe Lane
36%
King Henry's Drive
36%
Fieldway
35%
Harrington Road
33%
No matching quizzes found
Score Distribution
Percent of People with Each Score
Percentile by Number Answered
Your Score History
You have not taken this quiz